LEADER 01099nam a2200265 i 4500 001 000000231053 003 CaOOAMICUS 005 20140707000000.0 008 140707s1969 it u000 u ita u 013 $a209956 040 $aSeMil$bita 100 0 $aHieronymus,$c.$0(OLS)http://semarc/name/471 245 10$aCommento al Vangelo di Matteo /$cGirolamo. 260 $aRoma :$bCittā Nuova,$c1969. 300 $a326 p. ;$c21 cm. 490 0 $aI Vangeli commentati dai Padri. Nuova serie 650 4$aBibbia. Nuovo Testamento. Vangelo secondo Matteo - Commentari, studi, critica, interpretazioni.$0(OLS)http://semarc/subject/32 830 2$aI Vangeli commentati dai Padri. Nuova serie.$0(OLS)http://semarc/title/21448 850 $aSeMil 852 $aSeMil$W1$xVenegono$y1$m2S II 270$j181399$B181399$CSeMilBibl$Z2$F193023 $81 900 0 $aGirolamo$c. 961 $aOmaggio: Altro 996 $6245$aCommento al Vangelo di Matteo$9(OLS)http://semarc/title/903 996 $6260$aRoma :$bCittā Nuova$9(OLS)http://semarc/publisher/29609 LEADER 01552nam a2200301 i 4500 001 000000133114 003 CaOOAMICUS 005 20250114141925.0 008 041228s2004 gw u000 u ger u 013 $a106132 020 $a3-525-53889-8 040 $aSeMil$bita 100 1 $aSchrage, Wolfgang <1928->.$0(OLS)http://semarc/name/568 245 10$aKreuzestheologie und Ethik im Neuen Testament :$bGesammelte Studien /$cWolfgang Schrage. 260 $aGöttingen :$bVandenhoeck & Ruprecht,$c2004. 300 $a291 p. ;$c24 cm. 490 0 $aForschungen zur Religion und Literatur des Alten und Neuen Testaments ;$v205 650 4$aEtica e teologia della croce.$0(OLS)http://semarc/subject/26151 650 4$aBibbia. Nuovo Testamento. Lettere di Paolo - Commentari, studi, critica, interpretazioni.$0(OLS)http://semarc/subject/935 650 4$aBibbia - NT - Commentari, studi, critica, interpretazioni - Miscellanea.$0(OLS)http://semarc/subject/2730 830 0$aForschungen zur Religion und Literatur des Alten und Neuen Testaments ;$v205.$0(OLS)http://semarc/title/298 850 $aSeMil 852 $aSeMil$W1$xVenegono$y1$m2XA S 205$j253793$B86986$CSeMilBibl$Z2$F90847 $81 961 $aSottoscrizione: Vandenhoeck & Ruprecht 996 $6020$a3-525-53889-8$9(OLS)http://semarc/number/120233 996 $6245$aKreuzestheologie und Ethik im Neuen Testament :$bGesammelte Studien$9(OLS)http://semarc/title/195214 996 $6260$aGöttingen :$bVandenhoeck & Ruprecht$9(OLS)http://semarc/publisher/29697